00774nam a22002057a 4500003000500000005001700005008004100022010000900063011000900072035000900081040000900090100002900099245011400128260008100242300002100323490008800344650002400432650002400456830008800480CHAP20220329133542.0971013s1991 r 00010 d a7771 a8743 a7973 cCHAP00aAguirre Diaz, Heriberto. aDiámetro normal a partir del diámetro del tocón de varios pinos de San Miguel Aloapan, Ixtlán, Oaxaca aOaxaca, Oax. :bINIFAP. Campo Experimental Valles Centrales de Oaxaca,c1991 aHoja desplegable aINIFAP. Campo Experimental Valles Centrales de Oaxaca. Desplegable informativav; 314aMedidas forestales.14aPináceasxOaxaca.0 aINIFAP. Campo Experimental Valles Centrales de Oaxaca. Desplegable informativav; 3